000 01549nam a22003854i 4500
003 PE-LiUPU
005 20250731184052.0
008 150404s1996 pe 000 0 spa d
035 _a(Sirsi) a164014
040 _aPUCPR
_bspa
_cPUCPR
_dPE-LiUPU
_erda
049 _aPRUA
082 4 _a808
_bB72
_220
100 1 _aBoloña, Eleazar,
_eautor.
245 1 0 _aEscritos literarios /
_cEleazar Boloña.
264 _aLima :
_bGráfica Biblos,
_c1996.
300 _a551 páginas :
_bilustraciones ;
_c24 centímetros
336 _atext
_2rdacontent
337 _aunmediated
_2rdamedia
338 _avolume
_2rdacarrier
505 0 _aTradiciones --Tesis -- Artículos, discursos y conferencias --Informaciones periodisticas -- Juicios y comentarios acerca de la obra de don Eleazar Boloña.
526 _aP145
526 _aP127
526 _aP97
526 _aP14
526 _aP07
650 0 _aLiteratura peruana.
700 1 _aPuccinelli, Jorge,
_eeditor.
910 _ajck
_bncf
_cncf
_d20161005
942 _2ddc
_cBOOK
949 _a808 B72
_wDEWEY
_c1
_i74824
_lCATALOGING
_mBUL
_p25.00
_r0
_sY
_tBOOK
_u05/10/16
_xEDUCACION
_zEDUPRIM
_0DONACION
_o.STAFF. Colección Ciencias Humanas y Educación
994 _aC0
_bPEPRU
596 _a1
999 _a808 B72
_wDEWEY
_c12873
_i74824
_f2021-11-9
_g5
_lCCODEBUL1
_mBUL
_p25.00
_r0
_sY
_tBOOK
_u2016-10-5
_xEDUCACION
_PP14
_0DONACION
_o.STAFF. Colección Ciencias Humanas y Educación
_d12873
980 _81
_gALBERTO SANCHEZ Responsable de Automatización